Statistiken für Deutsche Politiker nach Bildern

Klicken Sie hier um das Quiz zu spielen!

Allgemein

  • Dieses Quiz wurde 445 mal gespielt
  • Das Durchschnittsergebnis liegt bei 10 aus 15

Antwortstatistiken

Antwort% Korrekt
Ursula von der Leyen
98%
Claudia Roth
93%
Sahra Wagenknecht
92%
Gregor Gysi
90%
Horst Seehofer
86%
Wolfgang Schäuble
85%
Alexander Gauland
79%
Guido Westerwelle
66%
Joschka Fischer
65%
Franz-Josef Strauß
64%
Hans-Dietrich Genscher
48%
Kurt Beck
41%
Johannes Rau
35%
Herbert Wehner
31%
Kurt Schumacher
21%

Verteilung der Resultate

Perzentil nach korrekt beantworteten Fragen

Anzahl Personen mit jedem Resultat

Ihre Resultats-Entwicklung

Sie haben dieses Quiz noch nicht gespielt